000 00213nam a22000857a 4500
008 160713b xxu||||| |||| 00| 0 eng d
100 _92737
_a Bayly, J
245 _aWinter Flight
260 _aEastbourne
_b Kingsway
_c1981
999 _c2377
_d2377